000 00644nam a2200205 a 4500
001 18289
003 CO-ViMGA
008 141112s2004 ck r 000 u spa d
020 _a9588075637
040 _aCO-ViMGA
_bspa
_cCO-ViMGA
082 0 4 _a658.404 D654
100 1 _aDominguez Giraldo, Gerardo
_96717
245 1 0 _aFormulacion y Evaluacion de Proyectos Sociales
260 _aBogotá,
_cBiblioteca Juridica Dike,
_c2002
300 _a161 p.
650 1 4 _aADMINISTRACION DE PROYECTOS - METODOLOGIA
_926059
650 1 4 _aEVALUACION DE PROYECTOS - METODOLOGIA
_926060
650 1 4 _aPROYECTOS SOCIALES - METODOLOGIA
_926061
942 _2ddc
_cBK
999 _c27633
_d27633